Countries with the Most Cars per Capita - Statistics

General Stats
  • This quiz has been taken 26,677 times
    26,599 since last reset
  • The average score is 13 of 20
Answer Stats
# per 1,000 ppl Country % Correct
811 United States
99%
579 United Kingdom
92%
650 Canada
90%
589 Germany
90%
615 Japan
84%
695 Italy
81%
591 Spain
79%
730 Australia
76%
899 Monaco
70%
860 New Zealand
64%
616 Norway
62%
734 Luxembourg
61%
1,263 San Marino
59%
773 Liechtenstein
58%
631 Poland
58%
598 Austria
57%
824 Iceland
44%
738 Malta
36%
596 Estonia
26%
721 Brunei
19%
No matching quizzes found
Score Distribution
Percent of People with Each Score
Percentile by Number Answered
Your Score History
You have not taken this quiz since the last reset